Interkulturelle Kompetenz als Bestandteil des Kompetenzprofils von Politikern

Gespeichert in:
Bibliographische Detailangaben
1. Verfasser: Kucharová, Jana, 1981-
Format: Buchkapitel
Sprache:Deutsch
Schlagworte:
Tags: Tag hinzufügen
Keine Tags, Fügen Sie das erste Tag hinzu!

MARC

LEADER 00000naa$a2200000$$$4500
001 0239485
005 20240502073859.8
041 0 |a ger 
044 |a SK 
245 1 0 |a Interkulturelle Kompetenz als Bestandteil des Kompetenzprofils von Politikern  |c Jana Kucharová 
610 2 0 |a politika 
610 2 0 |a kompetencie interkultúrne 
610 2 0 |a komunikácia 
100 1 |a Kucharová, Jana, 1981-